LIBRARY & INFORMATION CENTRE, KCAET, TAVANUR

ONLINE PUBLIC ACCESS CATALOGUE (OPAC)

Simulation of the water balance of arable land and pastures / (Record no. 9351)

MARC details
000 -LEADER
fixed length control field 00519cam a2200193ua 4500
041 ## - LANGUAGE CODE
Language code of text/sound track or separate title eng
082 ## - DEWEY DECIMAL CLASSIFICATION NUMBER
Classification number 631.45
Item number MAK/SI
100 ## - MAIN ENTRY--AUTHOR NAME
Personal name Makkink, G F .
245 ## - TITLE STATEMENT
Title Simulation of the water balance of arable land and pastures /
250 ## - EDITION STATEMENT
Edition statement 1 /
260 ## - PUBLICATION, DISTRIBUTION, ETC. (IMPRINT)
Place of publication New Delhi :
Name of publisher Oxford & IBH Publishing company ,
Year of publication 1974.
300 ## - PHYSICAL DESCRIPTION
Number of Pages 79 ; .
700 1# - ADDED ENTRY--PERSONAL NAME
Personal name Heemst, H D Jan .
942 ## - ADDED ENTRY ELEMENTS (KOHA)
Koha item type Books
Holdings
Withdrawn status Lost status Damaged status Home library Current library Date acquired Full call number Accession Number Koha item type
      KAUAET KAUAET 02/09/1986 631.45 15611 Books
free website counter